[Event "Warsaw Maciei Memorial"]
[Site "Warsaw"]
[Date "2025.07.07"]
[Round "10"]
[White "Klimkowski, Jan"]
[Black "Nie, Xinyang"]
[Result "1-0"]
[WhiteElo "2511"]
[BlackElo "2381"]
[PlyCount "94"]
[EventDate "2025.07.07"]
[EventType "swiss (blitz)"]
[EventRounds "11"]
[EventCountry "POL"]
[SourceTitle "CB28_2025"]
[SourceDate "2025.07.09"]
[SourceVersion "1"]
[SourceVersionDate "2025.07.09"]
[SourceQuality "1"]

1. d4 d5 2. c4 e6 3. Nc3 a6 4. cxd5 exd5 5. Bf4 c6 6. e3 Bd6 7. Bxd6 Qxd6 8. Bd3 Ne7 9. Qc2 g6 10. Nge2 Bf5 11. Bxf5 Nxf5 12. 0-0-0 Nd7 13. e4 dxe4 14. Nxe4 Qe7 15. Nf4 0-0 16. Rhe1 Rfe8 17. d5 cxd5 18. Nxd5 Qh4 19. g3 Qh6+ 20. Kb1 Rec8 21. Qb3 Nc5 22. Nxc5 Rxc5 23. g4 Nh4 24. Qb6 Rb5 25. Qf6 Qg7 26. Qxg7+ Kxg7 27. Nc7 Rc8 28. Nxb5 axb5 29. Re7 Rc4 30. h3 Rf4 31. Rxb7 b4 32. Rd3 Nf3 33. Rxb4 Rxb4 34. Rxf3 Rb5 35. a4 Ra5 36. b3 h5 37. gxh5 gxh5 38. Kb2 f5 39. Ka3 Kf6 40. b4 Rd5 41. a5 Ke6 42. Ka4 Kd6 43. Rc3 Rd2 44. a6 Ra2+ 45. Ra3 Re2 46. a7 Re8 47. Kb5 Kd5 1-0

[Event "WchT Blitz Final"]
[Site "London"]
[Date "2025.06.15"]
[Round "1.2"]
[White "Klimkowski, Jan"]
[Black "Svane, Rasmus"]
[Result "1-0"]
[WhiteElo "2508"]
[BlackElo "2626"]
[PlyCount "113"]
[EventDate "2025.06.15"]
[EventType "team-k.o. (blitz)"]
[EventRounds "4"]
[EventCountry "ENG"]
[SourceTitle "CB25_2025"]
[SourceDate "2025.06.18"]
[SourceVersion "1"]
[SourceVersionDate "2025.06.18"]
[SourceQuality "1"]
[WhiteTeam "Katowice Hetman"]
[BlackTeam "Germany and Friends"]
[WhiteTeamCountry "POL"]
[BlackTeamCountry "GER"]

1. e4 c5 2. Nf3 d6 3. Bc4 Nf6 4. d3 g6 5. e5 dxe5 6. Nxe5 e6 7. Bb5+ Bd7 8. Nxd7 Nbxd7 9. 0-0 Bg7 10. a4 0-0 11. Re1 Nd5 12. Nd2 Qc7 13. Nf3 b6 14. c3 a6 15. Bc4 Qb7 16. Bb3 b5 17. axb5 axb5 18. Rxa8 Rxa8 19. d4 c4 20. Bc2 b4 21. Bd2 bxc3 22. Bxc3 Qb5 23. h3 N7b6 24. Be4 Rb8 25. Qc2 Qb3 26. Qd2 h6 27. Ra1 Qb5 28. Ra5 Qd7 29. Qd1 Qc7 30. Qd2 Qd7 31. Qd1 Qe7 32. Qd2 Nf6 33. Bc2 Nbd5 34. Ne5 Rc8 35. Qe1 Qd6 36. Ra7 Rf8 37. Nxc4 Qb8 38. Ra3 Nxc3 39. bxc3 Nd5 40. Be4 Nf6 41. Bf3 Qc7 42. Ne5 Nd7 43. Nc6 Qd6 44. Ra7 e5 45. Qe4 exd4 46. Qe7 Qf4 47. Qxd7 Qc1+ 48. Kh2 Qf4+ 49. Kg1 Qc1+ 50. Kh2 dxc3 51. Ne7+ Kh7 52. Nxg6 Rg8 53. Qxf7 c2 54. Nf8+ Kh8 55. Ng6+ Kh7 56. Be4 Qg5 57. Ne7+ 1-0

[Event "WchT Blitz Pool D"]
[Site "London"]
[Date "2025.06.14"]
[Round "11.2"]
[White "Gurevich, Artjom"]
[Black "Klimkowski, Jan"]
[Result "0-1"]
[WhiteElo "2183"]
[BlackElo "2508"]
[PlyCount "38"]
[EventDate "2025.06.14"]
[EventType "team-tourn"]
[EventRounds "13"]
[EventCountry "ENG"]
[SourceTitle "CB25_2025"]
[SourceDate "2025.06.18"]
[SourceVersion "1"]
[SourceVersionDate "2025.06.18"]
[SourceQuality "1"]
[WhiteTeam "Kenya Equity Bank"]
[BlackTeam "Katowice Hetman"]
[WhiteTeamCountry "KEN"]
[BlackTeamCountry "POL"]

1. d4 Nf6 2. Nf3 e6 3. c4 d5 4. g3 dxc4 5. Bg2 Bb4+ 6. Bd2 c5 7. 0-0 0-0 8. dxc5 Bxc5 9. Qc2 Nc6 10. Qxc4 Be7 11. Nc3 e5 12. Rfd1 Be6 13. Qb5 Qc7 14. e3 Rad8 15. Be1 a6 16. Qe2 Nb4 17. Rac1 Bc4 18. Na4 Bxe2 19. Rxc7 Rxd1 0-1

[Event "WchT Blitz Pool D"]
[Site "London"]
[Date "2025.06.14"]
[Round "6.2"]
[White "Klimkowski, Jan"]
[Black "Bryant, Harry"]
[Result "1-0"]
[WhiteElo "2508"]
[BlackElo "2062"]
[PlyCount "96"]
[EventDate "2025.06.14"]
[EventType "team-tourn"]
[EventRounds "13"]
[EventCountry "ENG"]
[SourceTitle "CB25_2025"]
[SourceDate "2025.06.18"]
[SourceVersion "1"]
[SourceVersionDate "2025.06.18"]
[SourceQuality "1"]
[WhiteTeam "Katowice Hetman"]
[BlackTeam "The London Legends"]
[WhiteTeamCountry "POL"]
[BlackTeamCountry "ENG"]

1. e4 c5 2. Nf3 d6 3. Bb5+ Bd7 4. Bxd7+ Qxd7 5. 0-0 Nf6 6. Qe2 Nc6 7. c3 e6 8. d4 cxd4 9. cxd4 d5 10. e5 Ne4 11. Be3 Be7 12. Ne1 h6 13. Nd3 Rc8 14. f3 Ng5 15. Nc3 Nb4 16. Nf2 0-0 17. a3 Nc6 18. f4 Nh7 19. Nd3 Na5 20. Rac1 b5 21. Qg4 f5 22. exf6 Nxf6 23. Qh3 Nc4 24. Ne5 Nxe5 25. dxe5 Nh7 26. Rcd1 b4 27. Nxd5 Kh8 28. Nxb4 Qb5 29. Qxe6 Rfe8 30. Qd7 Qe2 31. Qd2 Qc4 32. Bxa7 Nf8 33. Be3 Ng6 34. Qd3 Qf7 35. Nd5 Bf8 36. Qe4 Nh4 37. Bf2 Nf5 38. Ne3 Ne7 39. f5 Nc6 40. e6 Qf6 41. b4 Qb2 42. Rd7 Qxa3 43. b5 Ne7 44. Nd5 Ng8 45. Bd4 Rcd8 46. Rxd8 Rxd8 47. f6 gxf6 48. Nxf6 Qe7 1-0

[Event "WchT Blitz Pool D"]
[Site "London"]
[Date "2025.06.14"]
[Round "10.2"]
[White "Klimkowski, Jan"]
[Black "Slavin, Gennadie"]
[Result "1-0"]
[WhiteElo "2508"]
[BlackElo "2207"]
[PlyCount "95"]
[EventDate "2025.06.14"]
[EventType "team-tourn"]
[EventRounds "13"]
[EventCountry "ENG"]
[SourceTitle "CB25_2025"]
[SourceDate "2025.06.18"]
[SourceVersion "1"]
[SourceVersionDate "2025.06.18"]
[SourceQuality "1"]
[WhiteTeam "Katowice Hetman"]
[BlackTeam "Perfect"]
[WhiteTeamCountry "POL"]
[BlackTeamCountry "USA"]

1. e4 e6 2. Nf3 d5 3. Nc3 Nf6 4. e5 Nfd7 5. Ne2 c5 6. c3 c4 7. d4 cxd3 8. Nf4 Nc6 9. Nxd3 Nc5 10. Nxc5 Bxc5 11. Bd3 a5 12. 0-0 a4 13. Bf4 Qb6 14. Rb1 Bd7 15. Qe2 Na7 16. b4 axb3 17. axb3 Nb5 18. Rfc1 Ba3 19. Rc2 Be7 20. Be3 Bc5 21. Bxc5 Qxc5 22. c4 Nd4 23. Qe3 Nxf3+ 24. Qxf3 Bc6 25. Qg3 0-0 26. h4 dxc4 27. Rxc4 Qe7 28. h5 Rfd8 29. Rg4 Qf8 30. Rc1 Ra2 31. Rd1 Rb2 32. Kh2 Kh8 33. Re1 Rxb3 34. Re3 Ra3 35. Be2 Rxe3 36. Qxe3 Qe7 37. h6 g6 38. Qg3 Rd5 39. Bc4 Rc5 40. Rd4 Qf8 41. Qg5 Bd5 42. Bd3 Kg8 43. Ra4 Rc3 44. Bf1 Rc2 45. Kg1 Qb8 46. Qf6 Qf8 47. Ra8 Rc1 48. Qg7# 1-0

[Event "WchT Rapid"]
[Site "London"]
[Date "2025.06.13"]
[Round "12.2"]
[White "Klimkowski, Jan"]
[Black "Balaji, Aaravamudhan"]
[Result "1/2-1/2"]
[WhiteElo "2416"]
[BlackElo "2278"]
[PlyCount "208"]
[EventDate "2025.06.11"]
[EventType "team-swiss"]
[EventRounds "12"]
[EventCountry "ENG"]
[SourceTitle "CB25_2025"]
[SourceDate "2025.06.18"]
[SourceVersion "1"]
[SourceVersionDate "2025.06.18"]
[SourceQuality "1"]
[WhiteTeam "Katowice Hetman"]
[BlackTeam "Wood Green Youth"]
[WhiteTeamCountry "POL"]
[BlackTeamCountry "ENG"]

1. d4 d5 2. c4 e6 3. Nc3 Be7 4. cxd5 exd5 5. Bf4 c6 6. e3 Bd6 7. Bxd6 Qxd6 8. Bd3 Nf6 9. h3 0-0 10. Nge2 Re8 11. 0-0 Nbd7 12. Qc2 g6 13. Rae1 a5 14. Ng3 Kg7 15. Nb1 b6 16. Nd2 Ba6 17. Bxa6 Rxa6 18. Rc1 c5 19. dxc5 bxc5 20. Rfd1 Qe7 21. Nb1 Qe5 22. Nc3 d4 23. exd4 cxd4 24. Qd3 Rb6 25. Na4 Rd6 26. Rc4 Qe6 27. Rxd4 Rxd4 28. Qxd4 Qxa2 29. Nb6 Nxb6 30. Qxb6 Re6 31. Qd4 a4 32. Rd3 Qb1+ 33. Kh2 Qe1 34. Ra3 Qe5 35. Rxa4 h5 36. Qxe5 Rxe5 37. Rd4 Rb5 38. Rd2 Rb3 39. f3 Kf8 40. Ne2 Rb4 41. g3 Ne8 42. h4 Nc7 43. Nf4 Na6 44. Kg2 Nc5 45. Nd5 Rb3 46. Nc3 Ke7 47. Kf1 Nb7 48. Ke2 Nd6 49. Nd1 Nf5 50. Kf2 Nd6 51. Ne3 Ke6 52. Nc2 Nb5 53. Na1 Rb4 54. b3 Nc3 55. Nc2 Rb6 56. Rd3 Nd5 57. Rd2 Ke5 58. Nd4 Nc3 59. Rd3 Nd5 60. Ne2 Nb4 61. Re3+ Kd6 62. Nc3 Rc6 63. Ne4+ Kd5 64. Rc3 Rxc3 65. Nxc3+ Kd4 66. Nb5+ Kc5 67. Na3 Nd3+ 68. Ke3 Nc1 69. Nc4 Nxb3 70. Ne5 Kd5 71. Nxf7 Ke6 72. Ng5+ Kf5 73. Ne4 Na5 74. Kd4 Nc6+ 75. Kd5 Nb4+ 76. Kd6 Nd3 77. Ke7 Ne1 78. Nd6+ Ke5 79. Nf7+ Kf5 80. Nh6+ Ke5 81. f4+ Ke4 82. Kf6 Kf3 83. Kxg6 Kxg3 84. f5 Kxh4 85. f6 Nf3 86. Kf5 Ng5 87. Kf4 Ne6+ 88. Ke5 Ng5 89. Kf5 Nh7 90. f7 Kg3 91. Kg6 Nf8+ 92. Kg7 Ne6+ 93. Kf6 Nf8 94. Nf5+ Kg4 95. Nd4 Nd7+ 96. Kg7 h4 97. Nc6 h3 98. Ne5+ Nxe5 99. f8Q h2 100. Qf1 Kg3 101. Kf6 Ng4+ 102. Kg5 Nf2 103. Qe1 h1Q 104. Qxh1 Nxh1 1/2-1/2

[Event "WchT Rapid"]
[Site "London"]
[Date "2025.06.12"]
[Round "7.2"]
[White "Sevian, Samuel"]
[Black "Klimkowski, Jan"]
[Result "1/2-1/2"]
[WhiteElo "2636"]
[BlackElo "2416"]
[PlyCount "140"]
[EventDate "2025.06.11"]
[EventType "team-swiss"]
[EventRounds "12"]
[EventCountry "ENG"]
[SourceTitle "CB25_2025"]
[SourceDate "2025.06.18"]
[SourceVersion "1"]
[SourceVersionDate "2025.06.18"]
[SourceQuality "1"]
[WhiteTeam "Freedom"]
[BlackTeam "Katowice Hetman"]
[WhiteTeamCountry "IND"]
[BlackTeamCountry "POL"]

1. c4 e5 2. g3 Be7 3. Nc3 f5 4. d4 d6 5. Bh3 e4 6. f3 Nf6 7. Bg5 0-0 8. e3 exf3 9. Nxf3 Ne4 10. Bxe7 Qxe7 11. Nd5 Qd8 12. Nd2 Ng5 13. Bg2 c6 14. Nf4 Qe7 15. Qb3 Nd7 16. h4 Nf7 17. 0-0 Nf6 18. Rae1 g5 19. hxg5 Nxg5 20. Re2 Kh8 21. d5 c5 22. Qc3 Qg7 23. e4 Ng4 24. Qxg7+ Kxg7 25. exf5 Bxf5 26. Re7+ Rf7 27. Rxf7+ Nxf7 28. Ne6+ Bxe6 29. dxe6 Ng5 30. Ne4 Nxe6 31. Nxd6 Rd8 32. Nf5+ Kg6 33. Ne7+ Kg7 34. Bd5 Ne3 35. Nf5+ Nxf5 36. Rxf5 Rd6 37. Bxe6 Rxe6 38. Rxc5 Kg6 39. Rc7 Rb6 40. b3 a5 41. Rc5 a4 42. bxa4 Rb2 43. a3 Ra2 44. a5 Rxa3 45. Kf2 h5 46. Kg2 Kh6 47. Kh3 Ra1 48. Kg2 Ra3 49. Kf2 Kg6 50. Rb5 Kh6 51. c5 Kg6 52. Ke2 Kf6 53. Kf2 Kg6 54. Kg2 Kf6 55. c6 bxc6 56. Rxh5 Rc3 57. a6 c5 58. a7 Ra3 59. Rh7 c4 60. Kf2 c3 61. Ke3 c2+ 62. Kd2 Ra2 63. Rc7 Kg5 64. Rg7+ Kf6 65. Rg4 Rxa7 66. Kxc2 Rd7 67. Kc3 Rd8 68. Rd4 Rxd4 69. Kxd4 Kf5 70. g4+ Kxg4 1/2-1/2

[Event "WchT Rapid"]
[Site "London"]
[Date "2025.06.11"]
[Round "3.2"]
[White "Cumming, Rhys"]
[Black "Klimkowski, Jan"]
[Result "0-1"]
[WhiteElo "2223"]
[BlackElo "2416"]
[PlyCount "78"]
[EventDate "2025.06.11"]
[EventType "team-swiss"]
[EventRounds "12"]
[EventCountry "ENG"]
[SourceTitle "CB25_2025"]
[SourceDate "2025.06.18"]
[SourceVersion "1"]
[SourceVersionDate "2025.06.18"]
[SourceQuality "1"]
[WhiteTeam "Chess Rising Stars"]
[BlackTeam "Katowice Hetman"]
[WhiteTeamCountry "GRE"]
[BlackTeamCountry "POL"]

1. e4 c5 2. Nf3 d6 3. Bb5+ Nd7 4. 0-0 a6 5. Bd3 Ngf6 6. Re1 e6 7. c3 b5 8. a4 Bb7 9. axb5 axb5 10. Rxa8 Qxa8 11. Na3 Bxe4 12. Bxe4 Nxe4 13. Nxb5 Qb7 14. Qa4 Nef6 15. d4 Be7 16. Qa6 Qxa6 17. Nc7+ Kd8 18. Nxa6 Kc8 19. dxc5 dxc5 20. b4 c4 21. Be3 Kb7 22. b5 Nd5 23. Bd4 Bf6 24. Bxf6 gxf6 25. Nd2 Rc8 26. Ne4 Kb6 27. Nd6 Rf8 28. Ra1 Ne5 29. Nb4 Nxc3 30. f4 Ne2+ 31. Kf1 Nxf4 32. Ra6+ Kc5 33. Nc2 f5 34. Nb7+ Kxb5 35. Rd6 Nd5 36. Nd4+ Kb4 37. Nd8 Kc5 38. Nxf5 exf5 39. Nb7+ Kd4 0-1

[Event "POL-chT Ekstraliga"]
[Site "Chotowa"]
[Date "2025.06.08"]
[Round "7.4"]
[White "Klimkowski, Jan"]
[Black "Warakomski, Tomasz"]
[Result "1-0"]
[WhiteElo "2508"]
[BlackElo "2545"]
[PlyCount "113"]
[EventDate "2025.06.02"]
[EventType "team-tourn"]
[EventRounds "9"]
[EventCountry "POL"]
[SourceTitle "CB24_2025"]
[SourceDate "2025.06.11"]
[SourceVersion "1"]
[SourceVersionDate "2025.06.11"]
[SourceQuality "1"]
[WhiteTeam "Katowice Hetman"]
[BlackTeam "Gliwice Akademia Szachowa"]
[WhiteTeamCountry "POL"]
[BlackTeamCountry "POL"]

1. d4 Nf6 2. c4 e6 3. Nc3 Bb4 4. f3 c5 5. d5 b5 6. e4 d6 7. Bd2 a6 8. a4 bxc4 9. Bxc4 Nbd7 10. dxe6 fxe6 11. Bxe6 Ne5 12. Bxc8 Qxc8 13. Bf4 c4 14. Bxe5 dxe5 15. Nh3 Qc5 16. Nf2 Bxc3+ 17. bxc3 Qe3+ 18. Kf1 Qxc3 19. Rc1 Qb4 20. Qc2 Rc8 21. Qc3 Qe7 22. g3 0-0 23. Kg2 h6 24. Rc2 Rfd8 25. Rd1 Rd7 26. Rxd7 Nxd7 27. Ng4 Qc5 28. Ne3 Qa7 29. Qd2 Qd4 30. Qxd4 exd4 31. Rxc4 Rxc4 32. Nxc4 Nc5 33. a5 Kf7 34. Kf2 Ke6 35. Ke2 Kd7 36. Ne5+ Kd6 37. Nd3 Nb3 38. Nb4 Kc5 39. Nxa6+ Kc4 40. Nb4 Nxa5 41. Nd3 Kc3 42. f4 Nc4 43. e5 Ne3 44. e6 Nd5 45. g4 Kc4 46. f5 Nf6 47. Nf4 Kc3 48. h3 Kc2 49. e7 Ne8 50. h4 Nf6 51. Nd3 Kc3 52. Nc5 Kc2 53. g5 hxg5 54. hxg5 Ne8 55. Ne4 d3+ 56. Ke3 Nc7 57. Kd4 1-0

[Event "POL-chT Ekstraliga"]
[Site "Chotowa"]
[Date "2025.06.03"]
[Round "2.4"]
[White "Olsen, Filip Boe"]
[Black "Klimkowski, Jan"]
[Result "1-0"]
[WhiteElo "2449"]
[BlackElo "2508"]
[PlyCount "87"]
[EventDate "2025.06.02"]
[EventType "team-tourn"]
[EventRounds "9"]
[EventCountry "POL"]
[SourceTitle "CB24_2025"]
[SourceDate "2025.06.11"]
[SourceVersion "1"]
[SourceVersionDate "2025.06.11"]
[SourceQuality "1"]
[WhiteTeam "Dabrowa Gornicza Zaglebie"]
[BlackTeam "Katowice Hetman"]
[WhiteTeamCountry "POL"]
[BlackTeamCountry "POL"]

1. Nf3 Nf6 2. c4 e6 3. g3 d5 4. Bg2 d4 5. 0-0 c5 6. e3 Nc6 7. d3 Bd6 8. exd4 cxd4 9. Bg5 h6 10. Bxf6 Qxf6 11. Nbd2 Qe7 12. Re1 0-0 13. a3 a5 14. Nb3 Qf6 15. c5 Bc7 16. Nbd2 Rd8 17. Rb1 a4 18. Rc1 e5 19. Rc4 Qe7 20. Ne4 Be6 21. Rxa4 Rxa4 22. Qxa4 f5 23. Nd6 Bxd6 24. cxd6 Qxd6 25. Qb5 e4 26. dxe4 fxe4 27. Rxe4 d3 28. Nd2 Bf7 29. Re1 Qc7 30. Be4 Nd4 31. Qxb7 Ne2+ 32. Kg2 Qxb7 33. Bxb7 Rb8 34. Be4 Rxb2 35. Rb1 Rxb1 36. Nxb1 Nc1 37. Kf3 Bb3 38. Ke3 Bc2 39. Nc3 Kf8 40. Bd5 Ke7 41. Kd2 Nb3+ 42. Bxb3 Bxb3 43. Kxd3 Kd6 44. Ke4 1-0

[Event "Sharjah Masters-A 8th"]
[Site "Sharjah"]
[Date "2025.05.25"]
[Round "9"]
[White "Kuybokarov, Temur"]
[Black "Klimkowski, Jan"]
[Result "1/2-1/2"]
[WhiteElo "2542"]
[BlackElo "2503"]
[PlyCount "132"]
[EventDate "2025.05.17"]
[EventType "swiss"]
[EventRounds "9"]
[EventCountry "UAE"]
[SourceTitle "CB22_2025"]
[SourceDate "2025.05.28"]
[SourceVersion "1"]
[SourceVersionDate "2025.05.28"]
[SourceQuality "1"]

1. e4 c5 2. Nf3 d6 3. d4 cxd4 4. Qxd4 Nc6 5. Qe3 g6 6. Nc3 Bg7 7. Bc4 Nf6 8. h3 0-0 9. 0-0 b6 10. Qf4 Bb7 11. Qh4 Ne5 12. Nxe5 dxe5 13. Bb3 Qc7 14. Bg5 Rad8 15. Rad1 Ba6 16. Rfe1 Bc4 17. Bxc4 Qxc4 18. Nd5 Nxd5 19. exd5 Qxh4 20. Bxh4 Rd7 21. f4 f6 22. fxe5 fxe5 23. Bg3 Rc8 24. c3 Rc5 25. Bxe5 Bf8 26. Bb8 Rc8 27. Bg3 Rc5 28. d6 exd6 29. Re8 Kf7 30. Ra8 Rf5 31. Bf2 Bg7 32. g4 Ra5 33. a3 Rb5 34. Rd2 h5 35. Kg2 hxg4 36. hxg4 Be5 37. Kf3 Ke6 38. Ke4 Ra5 39. Kd3 Rf7 40. Be3 Rf3 41. Rf2 Rg3 42. g5 Ra4 43. Re8+ Kd5 44. Rc8 Rh4 45. Re2 Rhh3 46. c4+ Ke6 47. Kd2 Kd7 48. Rf8 Bxb2 49. Rf7+ Kc6 50. Rxa7 Bc3+ 51. Kxc3 Rxe3+ 52. Rxe3 Rxe3+ 53. Kb4 Rg3 54. Ra8 Rxg5 55. Rc8+ Kb7 56. Rd8 Kc7 57. Rg8 Rg1 58. Kb5 Rg5+ 59. Kb4 Rg1 60. Kb5 Rb1+ 61. Ka4 Kc6 62. Rxg6 Kc5 63. Rg4 Rd1 64. Kb3 Rd3+ 65. Kb2 Re3 66. Rh4 Rd3 1/2-1/2

[Event "Sharjah Masters-A 8th"]
[Site "Sharjah"]
[Date "2025.05.24"]
[Round "8"]
[White "Klimkowski, Jan"]
[Black "Grebnev, Aleksey"]
[Result "1/2-1/2"]
[WhiteElo "2503"]
[BlackElo "2556"]
[PlyCount "87"]
[EventDate "2025.05.17"]
[EventType "swiss"]
[EventRounds "9"]
[EventCountry "UAE"]
[SourceTitle "CB22_2025"]
[SourceDate "2025.05.28"]
[SourceVersion "1"]
[SourceVersionDate "2025.05.28"]
[SourceQuality "1"]

1. d4 Nf6 2. c4 e6 3. Nc3 Bb4 4. f3 d5 5. a3 Bxc3+ 6. bxc3 dxc4 7. e4 b5 8. a4 c6 9. Ba3 Nfd7 10. Nh3 a6 11. Be2 Nb6 12. axb5 cxb5 13. Nf4 Bb7 14. 0-0 Qg5 15. Qc1 h6 16. g3 N8d7 17. Bb4 Rc8 18. Rd1 Qf6 19. Qe3 h5 20. h4 g5 21. hxg5 Qxg5 22. Kf2 h4 23. g4 h3 24. Rh1 Qh4+ 25. Kf1 Qg3 26. Rg1 Qh4 27. Rh1 Qg3 28. Rg1 Qh4 29. Nh5 f6 30. Rh1 Kf7 31. f4 h2 32. Ra2 Rcg8 33. Bd1 Rxh5 34. gxh5 Rg3 35. Qf2 Rg1+ 36. Rxg1 h1Q 37. Rxh1 Qxh1+ 38. Qg1 Qxe4 39. Re2 Qxf4+ 40. Ke1 Qh4+ 41. Rf2 Qe4+ 42. Re2 Qh4+ 43. Rf2 Qe4+ 44. Re2 1/2-1/2

[Event "Sharjah Masters-A 8th"]
[Site "Sharjah"]
[Date "2025.05.22"]
[Round "6"]
[White "Klimkowski, Jan"]
[Black "Predke, Alexandr"]
[Result "1-0"]
[WhiteElo "2503"]
[BlackElo "2631"]
[PlyCount "83"]
[EventDate "2025.05.17"]
[EventType "swiss"]
[EventRounds "9"]
[EventCountry "UAE"]
[SourceTitle "CB22_2025"]
[SourceDate "2025.05.28"]
[SourceVersion "1"]
[SourceVersionDate "2025.05.28"]
[SourceQuality "1"]

1. d4 Nf6 2. c4 e6 3. Nc3 Bb4 4. f3 c5 5. d5 d6 6. e4 Bxc3+ 7. bxc3 e5 8. Bd3 Nbd7 9. Ne2 Nf8 10. h4 h5 11. Be3 Kd7 12. Qc2 Kc7 13. 0-0-0 N8d7 14. Kb1 Nb6 15. Ka1 Bd7 16. Rb1 Rc8 17. Ng1 Kb8 18. Nh3 Ng8 19. Nf2 Ne7 20. g3 Qe8 21. Bd2 f6 22. Nd1 g6 23. Ne3 f5 24. Ng2 Rf8 25. Bg5 Ng8 26. Ne3 Ba4 27. Qe2 fxe4 28. fxe4 Rc7 29. g4 hxg4 30. Qxg4 Bd7 31. Qe2 Na4 32. Rbf1 Bc8 33. Bc2 Rcf7 34. Rxf7 Rxf7 35. h5 gxh5 36. Qxh5 Nb6 37. Nf5 Nxc4 38. Qg6 Bxf5 39. exf5 Ne7 40. Qe6 Qf8 41. f6 Nc8 42. Bg6 1-0

[Event "Sharjah Masters-A 8th"]
[Site "Sharjah"]
[Date "2025.05.18"]
[Round "2"]
[White "Klimkowski, Jan"]
[Black "Can, Emre"]
[Result "1-0"]
[WhiteElo "2503"]
[BlackElo "2568"]
[PlyCount "77"]
[EventDate "2025.05.17"]
[EventType "swiss"]
[EventRounds "9"]
[EventCountry "UAE"]
[SourceTitle "CB22_2025"]
[SourceDate "2025.05.28"]
[SourceVersion "1"]
[SourceVersionDate "2025.05.28"]
[SourceQuality "1"]

1. d4 d5 2. c4 e6 3. Nc3 Nf6 4. cxd5 exd5 5. Bg5 Bb4 6. Qb3 c5 7. dxc5 Qa5 8. Bxf6 gxf6 9. a3 Bxc3+ 10. bxc3 Na6 11. e3 Nxc5 12. Qb4 Qc7 13. Bb5+ Kf8 14. Ne2 Rg8 15. 0-0 a6 16. Bd3 a5 17. Qb1 b6 18. Bxh7 Rg5 19. Ng3 Be6 20. Bc2 Ke7 21. e4 dxe4 22. Bxe4 Rc8 23. Bf5 Na4 24. Bxe6 fxe6 25. Qh7+ Kf8 26. Qh4 Nxc3 27. f4 Rg6 28. f5 exf5 29. Rxf5 Qc6 30. Rf3 Kg8 31. Raf1 Nd5 32. Nf5 Qc5+ 33. Kh1 Qc2 34. Qh3 Rg5 35. Nd4 Qc4 36. Qe6+ Kg7 37. Nf5+ Kg6 38. Nd6 Nf4 39. Qxc4 1-0

[Event "Menorca op-A 4th"]
[Site "Ciutadella"]
[Date "2025.04.24"]
[Round "4"]
[White "Tahay, Alexis"]
[Black "Klimkowski, Jan"]
[Result "1-0"]
[WhiteElo "2397"]
[BlackElo "2507"]
[PlyCount "91"]
[EventDate "2025.04.22"]
[EventType "swiss"]
[EventRounds "9"]
[EventCountry "ESP"]
[SourceTitle "CB18_2025"]
[SourceDate "2025.04.30"]
[SourceVersion "1"]
[SourceVersionDate "2025.04.30"]
[SourceQuality "1"]

1. e4 c5 2. Nf3 d6 3. d4 cxd4 4. Nxd4 Nf6 5. Nc3 a6 6. g3 e5 7. Nde2 Be7 8. Bg2 0-0 9. 0-0 b5 10. Nd5 Nxd5 11. Qxd5 Ra7 12. Be3 Be6 13. Qd2 Rb7 14. Nc3 Nd7 15. a4 bxa4 16. Nxa4 Qc7 17. b3 Rc8 18. Rfc1 Nf6 19. Nb2 Qc6 20. Nd3 Nxe4 21. Qa5 Rb5 22. Qa4 f5 23. f4 Qc7 24. Qxa6 Nc3 25. fxe5 Ne2+ 26. Kf1 Nxc1 27. Qxb5 Nxd3 28. Bd5 Nc5 29. Bxc5 Bxd5 30. Bxd6 Qc6 31. Qxc6 Rxc6 32. Bxe7 Rxc2 33. b4 Rxh2 34. Ra5 Kf7 35. Bd6 Bc4+ 36. Kg1 Rd2 37. Rc5 Bd5 38. Rc7+ Kg8 39. Re7 Bc6 40. Rc7 Bd5 41. b5 Rg2+ 42. Kf1 Rb2 43. Rc8+ Kf7 44. Rc7+ Kg8 45. Rc8+ Kf7 46. Rc7+ 1-0

[Event "EU-ch 25th"]
[Site "Eforie Nord"]
[Date "2025.03.26"]
[Round "11"]
[White "Aslanov, Umid Fuad"]
[Black "Klimkowski, Jan"]
[Result "1/2-1/2"]
[WhiteElo "2274"]
[BlackElo "2511"]
[PlyCount "80"]
[EventDate "2025.03.15"]
[EventType "swiss"]
[EventRounds "11"]
[EventCountry "ROU"]
[SourceTitle "CB13_2025"]
[SourceDate "2025.03.26"]
[SourceVersion "1"]
[SourceVersionDate "2025.03.26"]
[SourceQuality "1"]

1. e4 e5 2. Nf3 Nc6 3. Bc4 Nf6 4. d3 Be7 5. 0-0 0-0 6. a4 d5 7. exd5 Nxd5 8. h3 Kh8 9. Re1 f6 10. c3 Bf5 11. a5 Qd7 12. d4 Rad8 13. dxe5 fxe5 14. Nxe5 Nxe5 15. Rxe5 c6 16. Bxd5 Bd6 17. Re1 cxd5 18. Bg5 Rc8 19. Nd2 Bxh3 20. Qh5 Bf5 21. Be3 Bg6 22. Qh3 Qxh3 23. gxh3 a6 24. Bd4 Rc6 25. Nf1 Bf5 26. h4 h5 27. Ng3 Bg4 28. Re3 Kg8 29. Rae1 Rc7 30. Be5 Bxe5 31. Rxe5 Rcf7 32. Nxh5 Bxh5 33. Rxh5 Rxf2 34. b4 R2f3 35. Rg5 Rxc3 36. Re7 Rf7 37. Rxf7 Kxf7 38. Rxd5 Ke6 39. Rd4 Rc2 40. Kf1 Rb2 1/2-1/2

[Event "EU-ch 25th"]
[Site "Eforie Nord"]
[Date "2025.03.25"]
[Round "10"]
[White "Klimkowski, Jan"]
[Black "Tudor, Henry Edward"]
[Result "1-0"]
[WhiteElo "2511"]
[BlackElo "2384"]
[PlyCount "45"]
[EventDate "2025.03.15"]
[EventType "swiss"]
[EventRounds "11"]
[EventCountry "ROU"]
[SourceTitle "CB13_2025"]
[SourceDate "2025.03.26"]
[SourceVersion "1"]
[SourceVersionDate "2025.03.26"]
[SourceQuality "1"]

1. d4 Nf6 2. c4 e6 3. Nc3 Bb4 4. e3 0-0 5. Bd2 d5 6. a3 Be7 7. Nf3 b6 8. cxd5 exd5 9. g3 c5 10. Bg2 Ba6 11. Ne5 Bd6 12. Nxd5 Bxe5 13. Nxf6+ Bxf6 14. Bxa8 cxd4 15. Bf3 dxe3 16. Bxe3 Qe7 17. Qb3 Qe5 18. Rd1 Re8 19. Bd5 Qh5 20. Bc4 Bxb2 21. 0-0 Bxc4 22. Qxc4 Bxa3 23. Qa4 1-0

[Event "EU-ch 25th"]
[Site "Eforie Nord"]
[Date "2025.03.19"]
[Round "5"]
[White "Papasimakopoulos, Alexandros"]
[Black "Klimkowski, Jan"]
[Result "0-1"]
[WhiteElo "2387"]
[BlackElo "2511"]
[PlyCount "48"]
[EventDate "2025.03.15"]
[EventType "swiss"]
[EventRounds "11"]
[EventCountry "ROU"]
[SourceTitle "CB13_2025"]
[SourceDate "2025.03.26"]
[SourceVersion "1"]
[SourceVersionDate "2025.03.26"]
[SourceQuality "1"]

1. Nf3 f5 2. c4 Nf6 3. Nc3 d6 4. d4 g6 5. b4 Bg7 6. Qb3 a5 7. b5 Ne4 8. Bb2 Nd7 9. e3 e5 10. Nxe4 fxe4 11. Nd2 Qe7 12. Nxe4 exd4 13. Bd3 dxe3 14. 0-0 Ne5 15. f3 Bf5 16. Rae1 a4 17. Qa3 Bxe4 18. fxe4 Nxd3 19. Bxg7 Nxe1 20. Bxh8 Nxg2 21. Qb2 Nf4 22. Qf6 e2 23. Re1 Qxe4 24. Qg5 Nh3# 0-1

[Event "EU-ch 25th"]
[Site "Eforie Nord"]
[Date "2025.03.18"]
[Round "4"]
[White "Klimkowski, Jan"]
[Black "Dehtiarov, Roman"]
[Result "1/2-1/2"]
[WhiteElo "2511"]
[BlackElo "2376"]
[PlyCount "91"]
[EventDate "2025.03.15"]
[EventType "swiss"]
[EventRounds "11"]
[EventCountry "ROU"]
[SourceTitle "CB13_2025"]
[SourceDate "2025.03.26"]
[SourceVersion "1"]
[SourceVersionDate "2025.03.26"]
[SourceQuality "1"]

1. d4 Nf6 2. c4 e6 3. Nc3 Bb4 4. e3 0-0 5. Bd2 c5 6. a3 Bxc3 7. Bxc3 Ne4 8. Ne2 Qf6 9. f3 Nxc3 10. Nxc3 cxd4 11. Qxd4 Qh6 12. Qf4 Qxf4 13. exf4 Na6 14. 0-0-0 Nc7 15. Bd3 Rd8 16. Rd2 Kf8 17. Rhd1 Ke7 18. f5 g6 19. fxe6 dxe6 20. f4 Rb8 21. b4 b6 22. Kc2 Ne8 23. g3 Nd6 24. Ne4 Nf5 25. Kc3 Bb7 26. Nf2 Rbc8 27. Bxf5 Rxd2 28. Rxd2 gxf5 29. a4 f6 30. Nd3 Be4 31. Nf2 Bb7 32. b5 e5 33. Nd3 Ke6 34. a5 bxa5 35. Rd1 a6 36. b6 Rc6 37. fxe5 fxe5 38. Ra1 Rxb6 39. Rxa5 Be4 40. Nc5+ Kf7 41. Nxa6 Rh6 42. Ra2 f4 43. Nc5 fxg3 44. hxg3 Bf5 45. Rf2 Rf6 46. Re2 1/2-1/2